Οι μουσικοί τρόποι στην ανατολική μεσόγειο : ο βυζαντινός ήχος, το αραβικό μακάμ, το τούρκικο μακάμ
Αποθηκεύτηκε σε:
| Κύριος συγγραφέας: | |
|---|---|
| Μορφή: | Βιβλίο |
| Γλώσσα: | Greek |
| Δημοσίευση: |
Αθήνα :
Fagotto,
1999.
|
| Θέματα: | |
| Ετικέτες: |
Προσθήκη ετικέτας
Δεν υπάρχουν, Καταχωρήστε ετικέτα πρώτοι!
|
MARC
| LEADER | 00000cam a2200000 i 4500 | ||
|---|---|---|---|
| 001 | 1/47382 | ||
| 008 | 140515s1999 gr | ||| |||| ||gre|| | ||
| 020 | |a 9789607075475 | ||
| 035 | |l 10117646 | ||
| 040 | |a GR-MyUA |b gre |e AACR2 | ||
| 041 | 0 | |a gre | |
| 082 | 0 | |a 781.264 |2 (23) | |
| 100 | 1 | |a Μαυροειδής, Μάριος Δ., |d 1950- | |
| 245 | 1 | 3 | |a Οι μουσικοί τρόποι στην ανατολική μεσόγειο : |b ο βυζαντινός ήχος, το αραβικό μακάμ, το τούρκικο μακάμ / |c Μάριος Δ. Μαυροειδής. |
| 260 | |a Αθήνα : |b Fagotto, |c 1999. | ||
| 300 | |a 341 σ. ; |c 24 εκ. | ||
| 504 | |a Περιλαμβάνει παρτιτούρες και ευρετήριο. | ||
| 650 | 0 | 0 | |a Music, Byzantine. |
| 650 | 0 | 0 | |a Music |x History and criticism. |
| 852 | |a INST |b SAMOS |c EUDOXUS |e 20140515 |h 781.264 ΜΑΥ |p 005300036584 |q 005300036584 |t EDX |y 0 | ||
| 901 | |a BIBL3-2014-2 | ||
| 909 | |a Σ |b 184844 | ||
| 920 | |a ΕΥΔΟΞΟΣ |b ΠΑΡΑΓΓΕΛΙΑ-ΜΑΘΗΜΑΤΙΚΟ |y Σάμος |z 2014-04 | ||
| 970 | |a ΓΟΥΒΑΛΑ |b ΒΑΣΩ |z 2014/05/15 | ||